Manufacturing Technology Metal Cutting and Machine Tools (Record no. 1341)
[ view plain ]
| 000 -LEADER | |
|---|---|
| fixed length control field | 00356nam a2200145Ia 4500 |
| 008 - FIXED-LENGTH DATA ELEMENTS--GENERAL INFORMATION | |
| fixed length control field | 191201s2005 xx 000 0 und d |
| 082 ## - DEWEY DECIMAL CLASSIFICATION NUMBER | |
| Classification number | 670 |
| Item number | RAM |
| 100 ## - MAIN ENTRY--PERSONAL NAME | |
| Personal name | RAO, P N |
| 245 #0 - TITLE STATEMENT | |
| Title | Manufacturing Technology Metal Cutting and Machine Tools |
| 250 ## - EDITION STATEMENT | |
| Edition statement | 10th |
| 260 ## - PUBLICATION, DISTRIBUTION, ETC. (IMPRINT) | |
| Place of publication, distribution, etc | N.Delhi |
| Name of publisher, distributor, etc | TMH |
| Date of publication, distribution, etc | 2005 |
| 300 ## - PHYSICAL DESCRIPTION | |
| Extent | 440 |
| 650 ## - SUBJECT ADDED ENTRY--TOPICAL TERM | |
| Topical term or geographic name as entry element | B.Tech(ME) |
| 942 ## - ADDED ENTRY ELEMENTS (KOHA) | |
| Source of classification or shelving scheme | Dewey Decimal Classification |
| Koha item type | Text Books |
| Withdrawn status | Lost status | Source of classification or shelving scheme | Damaged status | Not for loan | Collection code | Home library | Current library | Date acquired | Source of acquisition | Cost, normal purchase price | Bill Number | Total Checkouts | Full call number | Acc. no. / Barcode | Date last seen | Bill Date | Koha item type | Date last borrowed |
|---|---|---|---|---|---|---|---|---|---|---|---|---|---|---|---|---|---|---|
| Dewey Decimal Classification | B.Tech(ME) | PIET C-LIBRARY | PIET C-LIBRARY | 15/08/2006 | M/s UBS, Delhi | 200.00 | 125382 | 670 RAM | 2078 | 04/12/2019 | 18/08/2008 | Text Books | ||||||
| Dewey Decimal Classification | B.Tech(ME) | PIET C-LIBRARY | PIET C-LIBRARY | 15/08/2006 | M/s UBS, Delhi | 200.00 | 125382 | 670 RAM | 2079 | 20/12/2019 | 18/08/2008 | Text Books | ||||||
| Dewey Decimal Classification | B.Tech(ME) | PIET C-LIBRARY | PIET C-LIBRARY | 15/08/2006 | M/s UBS, Delhi | 200.00 | 125382 | 670 RAM | 2080 | 04/12/2019 | 18/08/2008 | Text Books | ||||||
| Dewey Decimal Classification | B.Tech(ME) | PIET C-LIBRARY | PIET C-LIBRARY | 15/08/2006 | M/s UBS, Delhi | 200.00 | 125382 | 1 | 670 RAM | 2081 | 05/05/2022 | 18/08/2008 | Text Books | 04/05/2022 | ||||
| Dewey Decimal Classification | B.Tech(ME) | PIET C-LIBRARY | PIET C-LIBRARY | 19/08/2006 | M/s UBS, Delhi | 200.00 | 125382 | 1 | 670 RAM | 3032 | 31/05/2022 | 23/08/2005 | Text Books | 25/05/2022 | ||||
| Dewey Decimal Classification | B.Tech(ME) | PIET C-LIBRARY | PIET C-LIBRARY | 19/08/2006 | M/s UBS, Delhi | 200.00 | 125382 | 670 RAM | 3033 | 04/12/2019 | 23/08/2005 | Text Books | ||||||
| Dewey Decimal Classification | B.Tech(ME) | PIET C-LIBRARY | PIET C-LIBRARY | 19/08/2006 | M/s UBS, Delhi | 200.00 | 125382 | 670 RAM | 3034 | 04/12/2019 | 23/08/2005 | Text Books |